S-P-O-R-C-L-E Countries By Continent Quiz Stats

 Plays Quiz Updated Jun 18, 2019

Score 0/24 Timer 05:00
0 Plays Today
Hint Answer % Correct
EuropePortugal
79.9%
South AmericaChile
72.4%
South AmericaEcuador
62.2%
South AmericaSuriname
60.1%
AsiaLaos
55%
AfricaSenegal
49.4%
AfricaLesotho
48.7%
North AmericaSaint Kitts and Nevis
45.9%
North AmericaEl Salvador
45.1%
North AmericaSaint Vincent and the Grenadines
41%
AfricaCentral African Republic
41%
AfricaComoros
40.1%
Hint Answer % Correct
AfricaSeychelles
39.7%
OceaniaSolomon Islands
39.3%
AfricaRepublic of the Congo
38.9%
AsiaSingapore
36.5%
AsiaPhilippines
35.7%
AfricaCabo Verde
34.6%
EuropeSan Marino
34%
AfricaSierra Leone
33.8%
EuropeCyprus
33.5%
AfricaSão Tomé and Príncipe
32.4%
AfricaCôte d'Ivoire
29.7%
AsiaPalestine
22.8%

You're not logged in!

Compare scores with friends on all Sporcle quizzes.
OR
Log In

Sporcle TV

Today on Sporcle TV


Watch our educational content, quiz creation guides, and fun videos on Sporcle TV.

Show Comments

Extras

Top Quizzes Today


Score Distribution

Your Account Isn't Verified!

In order to create a playlist on Sporcle, you need to verify the email address you used during registration. Go to your Sporcle Settings to finish the process.

Report this User

Report this user for behavior that violates our Community Guidelines.

Details: